Представление документа в формате RUSMARC

ПолеНазваниеЗначение
  Тип записи a
  Библиографический уровень m
001 Контрольный номер 9ede1de01d4942fcbbcbac14cac34b56
005 Дата корректировки 20140617113859.3
010 Индекс ISBN __
a ISBN 5-16-002468-9
d Цена 524.81
010 Индекс ISBN __
a ISBN 0-07-281935-9
200 Заглавие и сведения об ответственности 1_
a Заглавие Экономикс. Принципы, проблемы и политика
e Сведения, относящиеся к заглавию учебник: пер. с англ.
f Первые сведения об ответственности Кэмпбелл Р. Макконнелл , Стэнли Л. Брю
205 Сведения об издании __
a Основные сведения об издании 16- е изд.
210 Выходные данные 1_
c Издательство ИНФРА-М
a Место издания М.
d Дата издания 2006
215 Физическое описание __
a Объем XХХVI, 940 с.
300 Общие примечания __
a Общие примечания гриф МО
610 Ключевые слова 0_
a Ключевые слова экономическая теория
610 Ключевые слова 0_
a Ключевые слова учебник
610 Ключевые слова 0_
a Ключевые слова гриф МО
610 Ключевые слова 0_
a Ключевые слова макроэкономика
610 Ключевые слова 0_
a Ключевые слова микроэкономика
610 Ключевые слова 0_
a Ключевые слова национальный доход
610 Ключевые слова 0_
a Ключевые слова занятость
610 Ключевые слова 0_
a Ключевые слова кредитно-финансовая система
610 Ключевые слова 0_
a Ключевые слова налоговая политика
610 Ключевые слова 0_
a Ключевые слова мировое хозяйство
610 Ключевые слова 0_
a Ключевые слова рыночная экономика
610 Ключевые слова 0_
a Ключевые слова мировая экономика
610 Ключевые слова 0_
a Ключевые слова рынки
610 Ключевые слова 0_
a Ключевые слова спрос и предложение
610 Ключевые слова 0_
a Ключевые слова экономический рост
610 Ключевые слова 0_
a Ключевые слова ввп
610 Ключевые слова 0_
a Ключевые слова фискальная политика
610 Ключевые слова 0_
a Ключевые слова деньги
610 Ключевые слова 0_
a Ключевые слова банки
610 Ключевые слова 0_
a Ключевые слова государственный долг
610 Ключевые слова 0_
a Ключевые слова бюджетные дефициты
610 Ключевые слова 0_
a Ключевые слова профициты
610 Ключевые слова 0_
a Ключевые слова инфляция
610 Ключевые слова 0_
a Ключевые слова безработица
610 Ключевые слова 0_
a Ключевые слова эластичность спроса
610 Ключевые слова 0_
a Ключевые слова конкуренция
610 Ключевые слова 0_
a Ключевые слова монополия
610 Ключевые слова 0_
a Ключевые слова издержки производства
610 Ключевые слова 0_
a Ключевые слова олигополия
610 Ключевые слова 0_
a Ключевые слова инновации
610 Ключевые слова 0_
a Ключевые слова рынок труда
610 Ключевые слова 0_
a Ключевые слова заработная плата
610 Ключевые слова 0_
a Ключевые слова рента
610 Ключевые слова 0_
a Ключевые слова антитрестовские законы
610 Ключевые слова 0_
a Ключевые слова неравенство
610 Ключевые слова 0_
a Ключевые слова бедность
610 Ключевые слова 0_
a Ключевые слова отраслевые экономики
610 Ключевые слова 0_
a Ключевые слова вто
610 Ключевые слова 0_
a Ключевые слова международная торговля
610 Ключевые слова 0_
a Ключевые слова экспорт
610 Ключевые слова 0_
a Ключевые слова импорт
610 Ключевые слова 0_
a Ключевые слова торговые дефициты
610 Ключевые слова 0_
a Ключевые слова валюта
610 Ключевые слова 0_
a Ключевые слова переходные экономики
610 Ключевые слова 0_
a Ключевые слова россия
610 Ключевые слова 0_
a Ключевые слова китай
686 Индексы других классификаций __
a Классификационный индекс 65.018.5я73
2 Код системы rubbk
700 Автор _1
a Фамилия Макконнелл
g Полное личное имя Кэмпбелл Р.
701 Альтернативная интеллектуальная ответственность _1
a Фамилия Брю
b Имя Стэнли Л.
u 2
801 Источник записи _0
a Страна RU
b Организация РУК
c Дата составления 20061031
g Правила каталогизации PSBO
801 Источник записи _1
a Страна RU
b Организация РУК
c Дата составления 20061031
g Правила каталогизации PSBO
852 Данные о местонахождении __
j Шифр хранения ББК 65.01
i Авторский знак М15
901 Тип документа __
t Тип документа m
938 Служебная информация __
a Название организации Головной вуз
b Имя БД BOOK
c Название АИБС АИБС ИРБИС
952 Тип литературы __
b Гриф литературы для ВШ гриф МО